000 00520nam a2200193Ia 4500
003 GCL
008 140319s9999 xx 000 0 ara d
040 _aGCL /
_cGCL
082 0 4 _a347.4
_bم ا
100 1 _aمحمود محمد هاشم
245 1 0 _aاجراءات التقاضى والتنفيذ /
_cمحمود محمد هاشم
300 _a385
490 _aكتاب
_v0
650 0 4 _aالقانون
650 0 4 _aالمحاكم
650 0 4 _aالقضاة
650 0 4 _aالمحاكمات
942 _2ddc
_cBK
999 _c43156
_d43156